000 01144nam a2200253 a 4500
001 12988
003 BD-JhCC
005 20230625082834.0
008 230611s2022 bg a|||| |||| 001 0 ben d
020 _a9789849609353
035 _a(BD-JhCC)12988
040 _aBD-JhCC
_dBD-JhCC
041 _aeng
082 _a954.0220924
_bRAH 2022
100 _aরহমান, সরদার আবদুর
245 _aইতিহাসের বিতর্কে গজনির সুলতান মাহমুদ ও ভারত অভিযান :
_bবাংলায় প্রথম পূর্ণাঙ্গ জীবনীগ্রন্থ /
_cসরদার আবদুর রহমান
260 _aঢাকা :
_bদিব্য প্রকাশ,
_c২০২২
300 _a৩২০ পৃ. :
_bচিত্রাবলী সংবলীত;
_c২১ সেমি.
504 _aগ্রন্থপঞ্জি ও নির্ঘন্ট অন্তর্ভূক্ত।
600 _aMahmud, Sultan of Ghazni
_d971-1030
650 _aSultans
_zIndia
650 _aPushto literature
942 _2ddc
_cBK
999 _c12988
_d12988